Mobile Devices for Plants Models Obtaining with the Possibility of Data Transition (by Ethernet); Applied Mechanics and Materials; Vol. 756 : Mechanical Engineering, Automation and Control Systems (MEACS2014)

Podrobná bibliografie
Parent link:Applied Mechanics and Materials: Scientific Journal.— , 2010
Vol. 756 : Mechanical Engineering, Automation and Control Systems (MEACS2014).— 2015.— [P. 714-718]
Hlavní autor: Ilyin I. O. Ilya Olegovich
Korporativní autor: Национальный исследовательский Томский политехнический университет (ТПУ) Институт кибернетики (ИК) Кафедра интегрированных компьютерных систем управления (ИКСУ)
Další autoři: Kudryavtsev A. V. Andrey Vladimirovich, Onufriev V. A. Vadim Alexandrovich
Shrnutí:Title screen
The authors show an identification device, which was developed at Tomsk polytechnic university. First, the main idea of the identification device is given and then they show its structural representation. Furthermore, three versions of complements are considered in the article. These three versions are compared with each other. In the conclusion authors tell about their further plans connected with the identification device.
Режим доступа: по договору с организацией-держателем ресурса
Jazyk:angličtina
Vydáno: 2015
Edice:Image and Signal Processing, Recognition, Information Processing and Applied Technologies
Témata:
On-line přístup:http://dx.doi.org/10.4028/www.scientific.net/AMM.756.714
Médium: MixedMaterials Elektronický zdroj Kapitola
KOHA link:https://koha.lib.tpu.ru/cgi-bin/koha/opac-detail.pl?biblionumber=641424

MARC

LEADER 00000nla2a2200000 4500
001 641424
005 20231101134150.0
035 |a (RuTPU)RU\TPU\network\6341 
035 |a RU\TPU\network\6338 
090 |a 641424 
100 |a 20150519a2015 k y0engy50 ba 
101 0 |a eng 
105 |a y z 100zy 
135 |a drcn ---uucaa 
181 0 |a i  
182 0 |a b 
200 1 |a Mobile Devices for Plants Models Obtaining with the Possibility of Data Transition (by Ethernet)  |f I. O. Ilyin, A. V. Kudryavtsev, V. A. Onufriev 
203 |a Text  |c electronic 
225 1 |a Image and Signal Processing, Recognition, Information Processing and Applied Technologies 
300 |a Title screen 
330 |a The authors show an identification device, which was developed at Tomsk polytechnic university. First, the main idea of the identification device is given and then they show its structural representation. Furthermore, three versions of complements are considered in the article. These three versions are compared with each other. In the conclusion authors tell about their further plans connected with the identification device. 
333 |a Режим доступа: по договору с организацией-держателем ресурса 
461 0 |0 (RuTPU)RU\TPU\network\5920  |t Applied Mechanics and Materials  |o Scientific Journal  |d 2010 
463 0 |0 (RuTPU)RU\TPU\network\6028  |t Vol. 756 : Mechanical Engineering, Automation and Control Systems (MEACS2014)  |o International Conference, 16‐18 October, 2014, Tomsk, Russia  |o [proceedings]  |f National Research Tomsk Polytechnic University (TPU)  |v [P. 714-718]  |d 2015 
610 1 |a электронный ресурс 
610 1 |a труды учёных ТПУ 
610 1 |a идентификация 
610 1 |a математические модели 
610 1 |a мобильные устройства 
610 1 |a данные 
700 1 |a Ilyin  |b I. O.  |c specialist in the field of informatics and computer technology  |c design engineer of Tomsk Polytechnic University  |f 1988-  |g Ilya Olegovich  |2 stltpush  |3 (RuTPU)RU\TPU\pers\34603 
701 1 |a Kudryavtsev  |b A. V.  |c specialist in the field of informatics and computer technology  |c design engineer of Tomsk Polytechnic University  |f 1987-  |g Andrey Vladimirovich  |2 stltpush  |3 (RuTPU)RU\TPU\pers\34602 
701 1 |a Onufriev  |b V. A.  |c Specialist in the field of information and computer sciences  |c Electronic engineer of Tomsk Polytechnic University  |g Vadim Alexandrovich  |2 stltpush  |3 (RuTPU)RU\TPU\pers\30966 
712 0 2 |a Национальный исследовательский Томский политехнический университет (ТПУ)  |b Институт кибернетики (ИК)  |b Кафедра интегрированных компьютерных систем управления (ИКСУ)  |h 131  |2 stltpush  |3 (RuTPU)RU\TPU\col\18701 
801 2 |a RU  |b 63413507  |c 20161229  |g RCR 
856 4 |u http://dx.doi.org/10.4028/www.scientific.net/AMM.756.714 
942 |c CF